The Thames & Hudson Dictionary of Graphic Design and Designers (Record no. 9450)

000 -LEADER
fixed length control field 00408nam a2200145 4500
003 - CONTROL NUMBER IDENTIFIER
control field OSt
005 - DATE AND TIME OF LATEST TRANSACTION
control field 20210623105319.0
008 - FIXED-LENGTH DATA ELEMENTS--GENERAL INFORMATION
fixed length control field 210623b ||||| |||| 00| 0 eng d
020 ## - INTERNATIONAL STANDARD BOOK NUMBER
International Standard Book Number 9780500204139
082 ## - DEWEY DECIMAL CLASSIFICATION NUMBER
Classification number 741.603
100 ## - MAIN ENTRY--PERSONAL NAME
Personal name Livingston, Alan; Livingston, Isabella
245 ## - TITLE STATEMENT
Title The Thames & Hudson Dictionary of Graphic Design and Designers
260 ## - PUBLICATION, DISTRIBUTION, ETC. (IMPRINT)
Name of publisher, distributor, etc The Thames & Hudson World of Art
942 ## - ADDED ENTRY ELEMENTS (KOHA)
Source of classification or shelving scheme
Holdings
Withdrawn status Lost status Source of classification or shelving scheme Damaged status Koha normalized classification for sorting Not for loan Permanent location Current location Date acquired Total Checkouts Full call number Barcode Date last seen Date last borrowed Price effective from Koha item type
        741_603000000000000   BMS College of Architecture, Design and Planning BMS College of Architecture, Design and Planning 2021-06-23 1 741.603 AR-UG2221 2024-03-18 2024-02-20 2021-06-23 UG Books
Copyright © 2025, The Librarian, Library and Information Centre, BMSCA D&P, Bengaluru. All Rights Reserved
web counter

Powered by Koha